湖北省县级市 - Statistics

General Stats
  • This quiz has been taken 25 times
  • The average score is 20 of 26
Answers on the Map
Answers color-coded by a green-red scale on the quiz's map according to % correct below.
 
Answer Stats
Answer % Correct
丹江口市
100%
仙桃市
100%
潜江市
100%
天门市
100%
大冶市
94%
恩施市
94%
老河口市
89%
宜城市
89%
赤壁市
89%
钟祥市
83%
利川市
83%
枝江市
78%
监利市
78%
麻城市
78%
宜都市
72%
枣阳市
72%
松滋市
72%
石首市
67%
洪湖市
67%
武穴市
67%
广水市
67%
安陆市
61%
汉川市
61%
当阳市
56%
京山市
50%
应城市
50%
No matching quizzes found
Score Distribution
Percent of People with Each Score
Percentile by Number Answered
Your Score History
You have not taken this quiz